Country Borders: Google Maps Images - Statistics

General Stats
  • This quiz has been taken 52 times
  • The average score is 9 of 12
Answer Stats
Picture Answer % Correct
Gabon, Cameroon, Republic of the Congo, Democratic Republic of the Congo, Angola
87%
Chad, Sudan, Egypt, Libya
85%
Morocco, Algeria, Mauritania, Mali
85%
Portugal, Spain, France, United Kingdom
85%
Indonesia, Malaysia, Brunei
83%
Norway, Sweden, Finland
83%
Kazakhstan, Uzbekistan, Turkmenistan
81%
Chile, Argentina
79%
Russia, China, North Korea, Japan
79%
Namibia, Botswana, South Africa
77%
Russia, Mongolia, China
53%
Brazil, Colombia, Venezuela
43%
No matching quizzes found
Score Distribution
Percent of People with Each Score
Percentile by Number Answered
Your Score History
You have not taken this quiz